Súčasné trendy v cash manažmente
Charakteristika cash manažmentu. Ciele cash manažmentu a jeho jednotlivých funkčných oblastí. Model riešenia cash manažmentu. Štruktúra firemného treasury. Aktuálne trendy cash manažmentu.
Gespeichert in:
| 1. Verfasser: | |
|---|---|
| Format: | Buchkapitel |
| Sprache: | Slowakisch |
| Schlagworte: | |
| Tags: |
Keine Tags, Fügen Sie das erste Tag hinzu!
|
MARC
| LEADER | 00000naa$a2200000$$$4500 | ||
|---|---|---|---|
| 001 | 0091799 | ||
| 005 | 20231106075618.5 | ||
| 041 | 0 | |a slo | |
| 044 | |a SK | ||
| 245 | 1 | 0 | |a Súčasné trendy v cash manažmente |c Peter Krištofík |
| 520 | |a Charakteristika cash manažmentu. Ciele cash manažmentu a jeho jednotlivých funkčných oblastí. Model riešenia cash manažmentu. Štruktúra firemného treasury. Aktuálne trendy cash manažmentu. | ||
| 610 | 2 | 0 | |a hotovosť |
| 610 | 2 | 0 | |a manažment |
| 610 | 2 | 0 | |a modely |
| 610 | 2 | 0 | |a politika podniková |
| 100 | 1 | |a Krištofík, Peter | |